000 01076cad a22002415a 4500
001 E148206
008 090819s2009 xxk f s000 0 eng d
020 _a9780755976225
035 _a(Sirsi) u148206
041 0 _aeng
050 0 4 _a346.410432 $2 18
110 2 _aScotland
_bScottish Government
_95344
245 0 0 _aConsultation on high hedges and other nuisance vegetation
_h[electronic resource]
260 _aEdinbugh
_bScottish Government
_c2009
505 2 _aMinisterial Foreword -- Introduction -- Context -- Options -- Consultation questions -- Next steps -- Annexes
520 _aSeeks views on strategies for resolving disputes between neighbours over nuisance vegetation in a faster and more satisfactory way. Deadline for comments is 13 November 2009.
521 _aAdvanced
590 _aKA
651 4 _aScotland
_y1999-
690 _aPROPERTY-PROPERTY MANAGEMENT-BOUNDARY DETERMINATION-BOUNDARIES
856 4 0 _uhttps://www.scotland.gov.uk/Publications/2009/08/14122714/0
_zView the consultation free of charge at www.scotland.gov.uk...
942 _n0
999 _c109949
_d109949